000 00628nam a2200193Ia 4500
001 23814
003 GE_BSU
008 181216s||||||||xx |||||||||||||| ||und||
040 _cGE_BSU
245 _aПсихологический журнал. Том 39, №4 Июль-Август.2018.
245 _cГл. ред.РАН А.Л. Журавлев и др.
260 _aмосква
260 _c2018г.
300 _a139с;28см;
653 _aПериодика
653 _aПсихологический журнал. Том 39, №4 Июль-Август.2018.
653 _aპერიოდიკა
942 _cCR
999 _c56692
_d56692